000 00471nam a22001697a 4500
003 NUST - PNEC
005 20170116181153.0
008 160105b xxu||||| |||| 00| 0 eng d
020 _a9693505395
040 _cLIBRARY
082 _a801.01 AMJ
100 _915655
_aAmjad Islam Amjad
245 _aAnkhon mein tarasty sapne
_cAmjad Islam Amjad
260 _aLahore:
_bSange Meel Publications,
_cc1995.
650 _915656
_aUrdu literature
_xGeneral
942 _2ddc
_cBK
999 _c71070
_d71070